LEADER 01269nam0-22004691i-450- 001 990003365910403321 005 20070530122631.0 010 $a88-238-0072-2 035 $a000336591 035 $aFED01000336591 035 $a(Aleph)000336591FED01 035 $a000336591 100 $a20030910d1990----km-y0itay50------ba 101 0 $aita 102 $aIT 105 $ay-------001yy 200 1 $a<>gestione della banca$fPaul De Sury... [et al.]$ga cura di Roberto Ruozi 205 $a3. ed. 210 $aMilano$cEGEA$d1990 215 $aXXI , 569 p.$d24 cm 225 1 $aBiblioteca dell'economia d'azienda 610 0 $aBanche$aGestione 676 $a332.1068 676 $aJ/2.10 676 $aJ/4.10 702 1$aRuozi,$bRoberto$f<1939- > 702 1$aSury,$bPaul de 801 0$aIT$bUNINA$gRICA$2UNIMARC 901 $aBK 912 $a990003365910403321 952 $aGES332.1A$b4902A$fDECBC 952 $aGES332.1B$b4902C$fDECBC 952 $aJ/2.10 RUO/N.A.$b10194$fSES 952 $aSE 101.07.05-$b3038$fDECSE 952 $a11-638-TB$b2772 DEA$fECA 952 $aGES332.1E$b5447B$fDECBC 959 $aDECBC 959 $aSES 959 $aDECSE 959 $aECA 996 $aGestione della banca$962779 997 $aUNINA